000 00300nam a22001337a 4500
008 170809b xxu||||| |||| 00| 0 eng d
020 _a9781435470118
041 _aeng
080 _a004
100 _a35
101 _aSHKI
245 _aUNDERSTANDING ICD-9-CM CODING
_cBOWIE, M.J
942 _2udc
_cBK
999 _c22954
_d22954